000 00459nam a22001817a 4500
005 20260202163906.0
008 260202b |||||||| |||| 00| 0 eng d
020 _a9788119680313
_c1995.00
040 _aMAIN
041 _aEnglish
082 _a363.7
_bBIS
100 _aBisht, Swati
_926160
245 _aUrban Environment And Sustainability
260 _aDelhi
_bAcademic Press
_c2025
300 _a292
650 _aUrban Studies
_924652
942 _cBK
999 _c60211
_d60211